| 000 | 00722nam a2200217 a 4500 | ||
|---|---|---|---|
| 999 |
_c2955 _d2955 |
||
| 001 | 2955 | ||
| 003 | BD-JhCC | ||
| 005 | 20171108184513.0 | ||
| 008 | 171108s bg |||| ||a| 000 0 ben d | ||
| 035 | _a(BD-JhCC)2955 | ||
| 040 |
_aBD-JhCC _dBD-JhCC |
||
| 041 | _aben | ||
| 082 |
_a891.442 _bCHA |
||
| 100 | _aচট্টোপাধ্যায়, বঙ্কিমচন্দ্র | ||
| 245 |
_aচন্দ্রশেখর / _cবঙ্কিমচন্দ্র চট্টোপাধ্যায়, |
||
| 260 |
_aঢাকা : _bঈস্ট পাকিস্তান পাবলিশার্স, |
||
| 300 |
_a148 p. : _c18 cm. |
||
| 650 | _aBengali Drama | ||
| 942 |
_2ddc _cBK |
||